Geneser. (Registro nro. 2157)
[ vista simple ]
| 000 -LEADER | |
|---|---|
| fixed length control field | 01558nam a2200517 a 4500 |
| 005 - FECHA ULTIMA MODIFICACION | |
| control field | 20240506103838.0 |
| 008 - CAMPO DE CONTROL (LIBRO) | |
| fixed length control field | 100302t2014 mx al. f |||| 001 0 spa d |
| 020 ## - INTERNATIONAL STANDARD BOOK NUMBER | |
| ISBN | 9786079356231 |
| 041 ## - CODIGO DE IDIOMA | |
| Código de idioma del texto/pista de sonido o título separado | spa |
| 092 ## - SIGNATURA TOPOGRAFICA DEWEY LOCAL | |
| número de clasificación | 611.018 |
| libristica | 28 |
| sección | GEN |
| 245 ## - TITULO PROPIAMENTE DICHO | |
| Título | Geneser. |
| Subtítulo y Título paralelo | Histología / |
| Mención de responsabilidad y remanente de la transcripción de la portada | Finn Geneser |
| 250 ## - MENCION DE EDICION | |
| Mención de edición | 4a ed. |
| Mención de responsabilidad relacionada con la ed. | Traducción Karen Mikkelsen |
| 260 ## - PIE DE IMPRENTA | |
| Lugar de publicación, distribución, etc | México: |
| Nombre de la editorial, distribuidor, etc | Editorial Médica Panamericana; |
| Fecha de publicación | 2014. |
| 300 ## - DESCRIPCION FISICA | |
| Extension | 768 p. |
| Dimensiones | 28 cm. |
| 500 ## - NOTA GENERAL | |
| Nota general | Geneser, F. et al. (2014). Geneser. Histología. (4a ed.). México : Editorial Médica Panamericana. |
| 653 ## - TÉRMINO INDIZADO - PALABRAS CLAVES | |
| Palabra clave | Métodos histológicos |
| 653 ## - TÉRMINO INDIZADO - PALABRAS CLAVES | |
| Palabra clave | Citoplasma |
| 653 ## - TÉRMINO INDIZADO - PALABRAS CLAVES | |
| Palabra clave | Núcleo celular |
| 653 #3 - TÉRMINO INDIZADO - PALABRAS CLAVES | |
| Palabra clave | De células a tejido |
| 653 ## - TÉRMINO INDIZADO - PALABRAS CLAVES | |
| Palabra clave | Epitelio |
| 653 ## - TÉRMINO INDIZADO - PALABRAS CLAVES | |
| Palabra clave | Glándulas y secreción |
| 653 ## - TÉRMINO INDIZADO - PALABRAS CLAVES | |
| Palabra clave | Tejido conectivo |
| 653 ## - TÉRMINO INDIZADO - PALABRAS CLAVES | |
| Palabra clave | Tejido adiposo |
| 653 ## - TÉRMINO INDIZADO - PALABRAS CLAVES | |
| Palabra clave | Sangre |
| 653 ## - TÉRMINO INDIZADO - PALABRAS CLAVES | |
| Palabra clave | Médula ósea |
| 653 ## - TÉRMINO INDIZADO - PALABRAS CLAVES | |
| Palabra clave | Tejido esquelético |
| 653 ## - TÉRMINO INDIZADO - PALABRAS CLAVES | |
| Palabra clave | Tejido muscular |
| 653 ## - TÉRMINO INDIZADO - PALABRAS CLAVES | |
| Palabra clave | Tejido nervioso |
| 653 ## - TÉRMINO INDIZADO - PALABRAS CLAVES | |
| Palabra clave | Sistema circulatorio |
| 653 ## - TÉRMINO INDIZADO - PALABRAS CLAVES | |
| Palabra clave | Sistema inmunológico; y tejidos y órganos linfoides |
| 653 ## - TÉRMINO INDIZADO - PALABRAS CLAVES | |
| Palabra clave | Piel |
| 653 ## - TÉRMINO INDIZADO - PALABRAS CLAVES | |
| Palabra clave | Sistema digestivo |
| 653 ## - TÉRMINO INDIZADO - PALABRAS CLAVES | |
| Palabra clave | Sistema respiratorio |
| 653 ## - TÉRMINO INDIZADO - PALABRAS CLAVES | |
| Palabra clave | Sistema urinario |
| 653 ## - TÉRMINO INDIZADO - PALABRAS CLAVES | |
| Palabra clave | Sistema endocrino |
| 653 ## - TÉRMINO INDIZADO - PALABRAS CLAVES | |
| Palabra clave | Sistema genital |
| 653 ## - TÉRMINO INDIZADO - PALABRAS CLAVES | |
| Palabra clave | Glándulas mamarias |
| 653 ## - TÉRMINO INDIZADO - PALABRAS CLAVES | |
| Palabra clave | Ojo |
| 653 ## - TÉRMINO INDIZADO - PALABRAS CLAVES | |
| Palabra clave | Oído |
| 700 1# - ENTRADAS SECUNDARIAS - NOMBRE PERSONAL | |
| Nombre personal | Geneser, Finn |
| 9 (RLIN) | 106 |
| 700 1# - ENTRADAS SECUNDARIAS - NOMBRE PERSONAL | |
| Nombre personal | Brüel, Annemarie |
| 9 (RLIN) | 3744 |
| 700 1# - ENTRADAS SECUNDARIAS - NOMBRE PERSONAL | |
| Nombre personal | Christensen, Erik Ilso |
| 9 (RLIN) | 3745 |
| 700 1# - ENTRADAS SECUNDARIAS - NOMBRE PERSONAL | |
| Nombre personal | Tranum-Jensem, Jorgen |
| 9 (RLIN) | 3746 |
| 700 1# - ENTRADAS SECUNDARIAS - NOMBRE PERSONAL | |
| Nombre personal | Qvortrup, Klaus |
| 9 (RLIN) | 3747 |
| 942 ## - ADDED ENTRY ELEMENTS (KOHA) | |
| Source of classification or shelving scheme | Dewey Decimal Classification |
| Item type | Libros |
| Estado de retiro | Existencia | Fuente de clasificación | Estado general | No para prestamo | Ubicación permanente | ubicación actual | Sala de ubicación | Fecha de adquisición | Fuente de adquisición | Costo, precio normal de compra | Total Checkouts | Total Renewals | Número de clasificación | Código de barras | Date last seen | Date last borrowed | Número de ejemplar | Price effective from | Koha tipo de elemento (item) | Public note |
|---|---|---|---|---|---|---|---|---|---|---|---|---|---|---|---|---|---|---|---|---|
| Dewey Decimal Classification | Biblioteca Medicina | Biblioteca Medicina | Circulación | 27/04/2015 | Compra PROMED 3er AÑO, Abril 2015 | 792.00 | 100 | 12 | 611.018 28 GEN | 3478 | 20/05/2026 | 12/05/2026 | Ej.24 | 27/04/2015 | Libros | Compra PROMED 3er AÑO, Abril 2015 | ||||
| Dewey Decimal Classification | Biblioteca Medicina | Biblioteca Medicina | Circulación | 27/04/2015 | Compra PROMED 3er AÑO, Abril 2015 | 792.00 | 118 | 7 | 611.018 28 GEN | 3479 | 06/05/2026 | 28/04/2026 | Ej.25 | 27/04/2015 | Libros | Compra PROMED 3er AÑO, Abril 2015 | ||||
| Dewey Decimal Classification | Biblioteca Medicina | Biblioteca Medicina | Circulación | 27/04/2015 | Compra PROMED 3er AÑO, Abril 2015 | 792.00 | 98 | 6 | 611.018 28 GEN | 3480 | 09/04/2024 | 09/04/2024 | Ej.26 | 27/04/2015 | Libros | Compra PROMED 3er AÑO, Abril 2015 |